000
00284nam a22001337a 4500
082
_a
894.812.3
_b
PAN/S
100
_a
PANAMARAM, CICILY
245
_a
SANTHWANAM THEDUNNAVA
260
_a
CALICUT
_b
MEEVEL BOOKS
_c
1999
300
_a
82
520
_a
NOVEL
650
_a
NOVEL
942
_c
BK
999
_c
5046
_d
5046